000 00574nam a2200181Ia 4500
005 20250508163532.0
008 008 250505s9999 xx 000 0 eng d
037 _aTheses
040 _aFEDL
_beng
_cFEDL
041 _aeng
_2eng
084 _a370.954, MIT/TH
_qFEDL
100 _aMithal Harish Chandra
_9775573
245 0 _aProfessional education in India [1881-1961] : A developmental and critical survey : 2 Vols.
490 _vVol. 1
546 _aPH.D Thesis (Kurukshetra University)
942 _cTH
_h370.954, MIT/TH
999 _c1383931
_d1383931